Dary a možnosť ich odpočtu od základu dane

Poskytovanie darov podľa zákona č. 286/1992 Zb. a podľa zákona č. 366/1999 Z.z. Praktické príklady.

Gespeichert in:
Bibliographische Detailangaben
1. Verfasser: Neupauerová, Eva
Format: Buchkapitel
Sprache:Slowakisch
Schlagworte:
Tags: Tag hinzufügen
Keine Tags, Fügen Sie das erste Tag hinzu!

MARC

LEADER 00000naa a2200000 4500
001 r047408
005 20231002123602.9
041 0 |a slo 
044 |a SK 
245 1 0 |a Dary a možnosť ich odpočtu od základu dane  |c Eva Neupauerová 
520 |a Poskytovanie darov podľa zákona č. 286/1992 Zb. a podľa zákona č. 366/1999 Z.z. Praktické príklady. 
610 2 0 |a dary 
610 2 0 |a organizácie neziskové 
610 2 0 |a nadácie 
610 2 0 |a dane 
610 2 0 |a základ dane 
610 2 0 |a odpočet dane 
100 1 |a Neupauerová, Eva